Taylor Swift mystery lyrics #85 - Statistics

General Stats
  • This quiz has been taken 51 times
  • The average score is 114 of 184
Answer Stats
Answer % Correct
a
100%
A
100%
I
100%
you
97%
and
95%
And
95%
the
95%
me
92%
your
92%
Your
92%
in
90%
In
90%
be
87%
they
87%
We
87%
we
87%
when
87%
is
85%
it
85%
love
85%
to
85%
like
79%
What
79%
you're
79%
had
74%
its
74%
of
74%
there
72%
Could
69%
just
69%
too
69%
all
67%
can't
67%
For
67%
up
67%
how
64%
time
64%
us
64%
got
59%
off
59%
sad
59%
beautiful
56%
Beautiful
56%
'Cause
56%
tragic
56%
get
54%
you've
54%
affair
51%
by
51%
look
51%
will
51%
Good
49%
little
49%
life
46%
try
46%
back
36%
give
36%
magic
36%
Distance
33%
face
33%
fix
33%
Kiss
33%
listen
33%
Long
33%
long
33%
meet
33%
pocket
33%
deep
31%
they'll
31%
both
28%
breakdown
28%
demons
28%
fighting
28%
handwritten
28%
lonely
28%
mean
28%
note
28%
sweet
28%
timing
28%
train
28%
wait
28%
warm
28%
cities
26%
conversation
26%
darlin'
26%
different
26%
dreams
26%
girls
26%
late
26%
right
26%
runs
26%
tracks
26%
beds
23%
erasing
23%
Hang
23%
locket
23%
Silence
23%
taking
23%
hopeful
21%
wake
21%
Words
21%
stood
15%
No matching quizzes found
Score Distribution
Percent of People with Each Score
Percentile by Number Answered
Your Score History
You have not taken this quiz